|
|
|
|
| LEADER |
00000ny a22000003n 4500 |
| 005 |
20110527103221.0 |
| 008 |
080805s1997 sp s 000 0 spa c |
| 020 |
|
|
|a 8483180200
|
| 035 |
|
|
|a 1552
|
| 040 |
|
|
|a UMA.RE
|d vlex
|
| 080 |
|
|
|a 347.72(0.034)
|
| 090 |
|
|
|c 313
|d 313
|
| 100 |
1 |
|
|a Calavia Molinero, Jos ̌Manuel
|
| 245 |
1 |
0 |
|a Dret de societats
|h [Recurso electrn̤ico]
|c Jos ̌Manuel Calavia Molinero
|
| 256 |
|
|
|a Servicio en ln̕ea
|
| 260 |
|
|
|a [Barcelona] :
|b UOC,
|c D.L. 1997
|
| 506 |
1 |
|
|a Contenido solo disponible en los productos indicados
|d vLex Global
|d vLex Global (Academic Edition, excluding Law Schools)
|d vLex Global (U.S. Academic Edition, Law Schools)
|d vLex Global (U.S. Academic Edition, excluding Law Schools)
|d vLex Global (Academic Edition, Law Schools)
|
| 650 |
0 |
7 |
|a Societario
|2 Tesauro vLex
|
| 650 |
0 |
7 |
|a Sociedades
|2 Tesauro vLex
|
| 650 |
0 |
7 |
|a Derecho de sociedades
|2 Tesauro vLex
|
| 710 |
2 |
|
|a Universitat Oberta de Catalunya
|
| 740 |
0 |
|
|a vLex Libros (Servicios en ln̕ea)
|
| 856 |
4 |
0 |
|u http://vlex.com/source/1552
|z Acceso restringido
|
| 942 |
|
|
|c BOOK
|
| 999 |
0 |
|
|a Corporation law
|b Barcelona
|